000
00232nam a2200097Ia 4500
001
849712
005
20250826173442.0
008
250824s9999 xx 000 0 und d
245
0
_a
YUVA
_c
MARILYNNE ROBINSON
260
_b
KYRHOS YAYINLARI
999
_c
849712
_d
849712